00500nam a2200193 a 4500001001300000003000900013005001700022008004100039020002300080082001600103100001900119245004400138260003400182300000900216500003500225505001000260650001700270700001900287nice12345678IN_TiNIC20260116014210.0050524s2003 dela grp 000 0 eng  a8176258 c30000a304.66bAHM aAhmad, Shakeel aMuslim Attitude Towards Family Planning aDelhi bSarup and Sons c2003 a133p aincludes index and biblioraphy2 aIndex aFamily-Islam1 aAhmad, Shakeel